| 000 | 00869 a2200229 4500 | ||
|---|---|---|---|
| 001 | 41087 | ||
| 005 | 20260407155704.0 | ||
| 008 | 260407a2006 arg spa d | ||
| 003 | AR-UNSa-BCEJYS | ||
| 040 |
_aAR-UNSa-BCEJYS _bspa _cAR-UNSa-BCEJYS |
||
| 080 |
_a343.53 _xFraudes en el comercio y en la industria (Derecho Penal Económico) |
||
| 245 | 1 | 0 |
_aLey 25.246 de lavado de activos de origen delictivo _pcomentada |
| 020 | _a978-950-894-559-4 | ||
| 264 | 1 |
_aBuenos Aires : _bAD-HOC _c2006 |
|
| 300 |
_a92 p. _c20 cm. |
||
| 505 | _a1. Introducción - 2. Comentario: Decreto 370/00 - 3. Conclusión: Ley 26.287 modificatoria de la Ley 25.246 | ||
| 041 | _aspa | ||
| 942 | _cBK | ||
| 590 | _aniveau_biblio:m niveau_hierar:0 | ||
| 100 | 1 | _aMeincke, María José | |
| 856 | 4 | 1 |
_uhttps://biblioeco.unsa.edu.ar/pmb/images/libros/L126354.jpg _yImagen de portada _qimage/jpeg |
| 999 |
_c3355 _d3355 |
||